Direito ̉desconexô do trabalho Com anl̀ise crt̕ica da Reforma Trabalhista (Lei n. 13.467/2017) /

Bibliographic Details
Main Author: Nahmias Melo, Sandro
Other Authors: Rosendo de Almeida Leite Rodrigues, Karen
Format: eBook
Language:Portuguese
Published: San Pablo: LTR, 2018
Subjects:
Online Access:Acceso restringido

MARC

LEADER 00000nam a22000007a 4500
005 20181001122732.0
007 cr|||| ||||
008 181001s2018 br |||||s|||| 00||0 por d
020 |a 978-85-361-9618-3 
035 |a 21999 
040 |a vLex 
090 |c 8164  |d 8164 
100 1 |a Nahmias Melo, Sandro 
245 1 0 |a Direito ̉desconexô do trabalho  |h [Recurso electrn̤ico] :  |b Com anl̀ise crt̕ica da Reforma Trabalhista (Lei n. 13.467/2017) /  |c Sandro Nahmias Melo, Karen Rosendo de Almeida Leite Rodrigues 
256 |a Servicio en ln̕ea 
260 |a San Pablo:  |b LTR,  |c 2018 
300 |a 1 recurso electrn̤ico 
506 1 |a Disponible solo en los productos indicados  |d vLex Global  |d vLex Global (Academic Edition, excluding Law Schools)  |d vLex Global (U.S. Academic Edition, Law Schools)  |d vLex Global (U.S. Academic Edition, excluding Law Schools)  |d vLex Global (Academic Edition, Law Schools) 
650 0 4 |a Derecho Laboral y Seguridad Social  |z Brasil 
700 1 |a Rosendo de Almeida Leite Rodrigues, Karen 
740 0 |a vLex Libros (Servicio en ln̕ea) 
856 4 0 |u http://vlex.com/source/direito-desconex-o-trabalho-analise-critica-reforma-trabalhista-lei-n-13467-2017-21999  |z Acceso restringido 
942 |c BOOK 
999 0 |a Labor law and social security